000 00680nam a2200253Ia 4500
003 OSt
005 20220924123307.0
006 a|||||r|||| 00| 0
007 ta
008 220923b |||||||| |||| 00| 0 urd d
020 _c1.50
024 _a319751
037 _cTextual
040 _aARTS
_cARTS
_burd
041 _2urd
_aurd
082 _aO168,8MABx, F6
100 _aAbdul Hamid Au.
_9188306
245 0 _aShaikh Chilli ki kahaniyan
260 _aMuzaffar
_bnagar Electrik Mustafai press India
_c1926
300 _a40p.
_ccm.
650 _aURDU SATIRE
942 _hO168,8MABx, F6
_cTEXL
_2CC
999 _c415138
_d415138